LEADER 01040nam 2200361 450 001 9910794028003321 005 20210712212802.0 010 $a1-78969-592-9 035 $a(CKB)4100000011254398 035 $a(MiAaPQ)EBC6207603 035 $a(EXLCZ)994100000011254398 100 $a20200822d2020 uy 0 101 0 $aeng 135 $aurcnu|||||||| 181 $ctxt$2rdacontent 182 $cc$2rdamedia 183 $acr$2rdacarrier 200 00$aWorking at home in the ancient near east /$fedited by Juliette Mas and Palmiro Notizia 210 1$aOxford, England :$cArchaeopress,$d2020. 215 $a1 online resource (122 pages) $cillustrations 311 $a1-78969-591-0 606 $aDomestic space 615 0$aDomestic space. 676 $a935 702 $aMas$b Juliette 702 $aNotizia$b Palmiro$f1980- 801 0$bMiAaPQ 801 1$bMiAaPQ 801 2$bMiAaPQ 906 $aBOOK 912 $a9910794028003321 996 $aWorking at home in the ancient near east$93769468 997 $aUNINA